Normal view
MARC view
Entry Nombre personal
001 - NÚMERO DE CONTROL
- campo de control: 126605
003 - IDENTIFICADOR DE NÚMERO DE CONTROL
- campo de control: OSt
005 - FECHA Y HORA DE LA ÚLTIMA TRANSACCIÓN
- campo de control: 20250605122813.0
008 - ELEMENTOS DE DATO DE LONGITUD-FIJA
- campo de control de longitud fija: 080222 b azznnaaan n bnc d
040 ## - FUENTE DE CATALOGACIÓN
- Centro catalogador/agencia de origen: OSt
- Centro/agencia transcriptor: OSt
100 24 - ENCABEZAMIENTO-NOMBRE DE PERSONA
- Nombre de persona: Corzana, Diego Hurtado de Mendoza,
- Títulos y otros términos asociados al nombre: Conde de la,
- Fechas asociadas al nombre: 1571-1671-
- Subdivisión de forma: Biografías
